Pokemon with Highest Defense Stats (Non-Legendaries) - Statistics

General Stats
  • This quiz has been taken 22 times
  • The average score is 42 of 48
Answer Stats
Type Answer % Correct
Steel/Ghost Aegislash
100%
Steel/Rock Aggron
100%
Ice Avalugg
100%
Steel/Psychic Bronzong
100%
Rock/Fairy Carbink
100%
Water/Ice Cloyster
100%
Steel/Ghost Doublade
100%
Grass/Steel Ferrothorn
100%
Ground/Flying Gliscor
100%
Rock/Ground Golem
100%
Rock/Ground Golem
100%
Ghost/Grass Gourgeist
100%
Fire/Rock Magcargo
100%
Water/Rocl Omastar
100%
Rock/Ground Onix
100%
Ground/Rock Rhydon
100%
Ground/Rock Rhyperior
100%
Ice/Steel Sandslash
100%
Bug/Rock Shuckle
100%
Steel/Flying Skarmory
100%
Steel/Ground Steelix
100%
Poison/Water Toxapex
100%
Fire/Dragon Turtonator
100%
Steel/Rock Bastiodon
92%
Water/Rock Carracosta
92%
Ghost Dusclops
92%
Ghost Dusknoir
92%
Steel/Rock Lairon
92%
Steel/Psychic Metagross
92%
Rock/Dragon Tyrantrum
92%
Bug/Steel Forretress
85%
Bug/Water Golisopod
85%
Water/Rock Relicanth
85%
Rock/Steel Shieldon
85%
Grass Tangrowth
85%
Ghost Cofagrigus
77%
Bug/Rock Crustle
77%
Rock Gigalith
77%
Fire Torkoal
77%
Grass/Fighting Chesnaught
69%
Ground Hippowdon
69%
Rock/Steel Probopass
69%
Poison Weezing
69%
Rock Nosepass
62%
Ground Donphan
54%
Grass Leafeon
54%
Water Wishiwashi
38%
Water Pyukumuku
23%
No matching quizzes found
Score Distribution
Percent of People with Each Score
Percentile by Number Answered
Your Score History
You have not taken this quiz